A study of hydrogen purification from the refinery fuel gas by pressure swing adsorption /
Saved in:
| 主要作者: | |
|---|---|
| 格式: | Thesis 圖書 |
| 語言: | English |
| 出版: |
1996.
|
| 主題: | |
| 標簽: |
添加標簽
沒有標簽, 成為第一個標記此記錄!
|
| LEADER | 00812cam a2200229 a 4500 | ||
|---|---|---|---|
| 001 | u409480 | ||
| 003 | SIRSI | ||
| 008 | 970319s1996 si v 00 1 eng m | ||
| 035 | |a ACC-7470 | ||
| 040 | |a UMM | ||
| 090 | |a TP156 |b P83Abdma | ||
| 100 | 0 | 0 | |a Abdul Malek Amin. |
| 245 | 1 | 2 | |a A study of hydrogen purification from the refinery fuel gas by pressure swing adsorption / |c by Abdul Malek Amin. |
| 260 | |c 1996. | ||
| 300 | |a xxiv, 254 leaves : |b ill. ; |c 30 cm. | ||
| 502 | |a Thesis (Ph.D.) -- National University of Singapore, 1996. | ||
| 504 | |a Bibliography: leaves 209-221. | ||
| 650 | 0 | |a Hydrogen |x Purification | |
| 650 | 0 | |a Gases |x Absorption and adsorption. | |
| 948 | |a 19/03/1997 |b 25/11/2000 | ||
| 596 | |a 1 | ||
| 999 | |a TP156 P83ABDMA |w LC |c 1 |i A506932010 |d 11/2/2009 |e 11/2/2009 |l STACKS |m P01UTAMA |n 1 |r Y |s Y |t TESIS |u 6/2/1998 | ||
